000 01651nam0a22003491 4500
001 GAK\1198117
005 20260407083716.0
035 _a(NLR Aleph) 008739315
090 _a9523420
_c9523420
100 _a20070428d1980 |||y0rusy50 ca
101 0 _arus
102 _aRU
105 _ay z||||10||
200 1 _aПрирода художественного целого и литературный процесс
_eМежвуз. сб. науч. тр.
_fМ-во высш. и сред. спец. образования РСФСР, Кемер. гос. ун-т
_g[Редкол.: ... Н.Д. Тамарченко, к. филол. н. (отв. ред.) и др.]
210 _aКемерово
_cКемер. гос. ун-т
_d1980
215 _a199 с.
_d20
320 _aБиблиогр. в конце статей
606 0 _aЦелостность литературного произведения
_2nlr_sh
606 0 _aРусская литература
_z19 в.
_jСборники
_2nlr_sh
606 0 _aЗарубежная литература
_jСборники
_2nlr_sh
686 1 _aШ 400.5
_2rubbk
686 1 _aI 5(2=Р)5я43
_2rubbk
686 1 _aШ 5(0)я43
_2rubbk
686 3 _aЛ 110-30
_2rubbk
702 1 _4340
_7ca
_8rus
_aТамарченко
_bН. Д.
_f1940-2011
_gНатан Давидович
_957586
_3RU\NLR\AUTH\7774658
712 0 2 _4570
_aКемеровский государственный университет
_9294531
_3RU\NLR\AUTH\8810945
801 0 _aRU
_bNLR
_c20070428
_gpsbo
801 1 _aRU
_bNLR
_c20070428
_2rusmarc
801 2 _aRU
_bNLR
_c20070428
_2rusmarc
852 _aNLR
_j83-3/5490
942 _cBOOK
980 _aNB